000 00933nam0a22002771 4500
001 RU\NLR\A1SV\145492
005 20260406101024.0
035 _a(NLR Aleph) 011240076
090 _a12117110
_c12117110
100 _a20160829d1919 u y0rusy50 ca
101 1 _arus
_ceng
102 _aRU
200 1 _aСтаршины Вильбайской школы
_fТальбот
_gПер. с англ. М.А.Шишмаревой
210 _aСимферополь
_cРус. кн-во в Крыму
_d1919
215 _a369, [2] с.
_d21 см
620 _dСимферополь
700 1 _6z01790
_aРид
_bТ.
_f1852-1893
_gТальбот
702 1 _8rus
_7ca
_aШишмарева
_bМ. А.
_f1852-1939
_gМария Андреевна
_3RU\NLR\AUTH\7778570
_961498
790 1 _6z01700
_aТальбот
801 0 _aRU
_bNLR
_c20160829
899 _aРГБ
899 _aРГБ
942 _cBOOK
980 _aNB
980 _aA1SV